1795 1590 1330 1255 1357 1889 1712 1606 1623 1735 1862 1072 1721 1910 1836 1661 1162 1603 1330 1097 1695 1336 1160 1257 1989 1247 1927 1066 1410 1924 1635 1876 1836 1290 1336 1855 1374 1437 1132 1317 1687 1972 1884 1262 1014 1540 1771 1446 1893 1774 1123 1259 1819 1030 1392 1072 1912 1693 1082 1088 1141 1746 1043 1519 1928 1165 1921 1548 1121 1691 1926 1593 1808 1632 1241 1988 1349 1294 1926 1328 1105 1905 1919 1766 1030 1554 1219 1793 1432 1918 1145 1055 1640 1887 1163 1419 1709 1295 1776 BCNSPRNW ULIB Ver.6.0+V

เปลี่ยนเป็นภาษาไทย

Change to English
 แสดงรายละเอียดบรรณานุกรม
  กลับหน้าหลัก

Brief Record : Get Marc (ISO 2709) : E-mail record : QR code < ปิดหน้าต่าง
LEADER : 00000nam 2200000uu 4500
001    13399111601
003     ULIB
008    110627s||||||||th 000 0 tha d
020    9786167081571
090    นว.^bบ826ส 2553
100 0  เบลล์ซาซ่า
245 00 เสน่ห์ร้อนลิขิตรัก/^cเบลล์ซาซ่า
250    พิมพ์ครั้งที่ 1
260    กรุงเทพฯ :^bสมาร์ทบุ๊ค,^c2553
300    432 หน้า
945    ^p280^l0^i028038
995    ทศพร
999 ^a ใช้งานได้ทุกระบบ
รายการนี้ยังไม่มีแท็ก
คุณยังไม่ได้ล็อกอิน คุณสามารถมีกิจกรรมร่วมกับเว็บไซต์ได้ แต่ต้องล็อกอินก่อน ::
  ล็อกอิน

รายการสื่อสารสนเทศ

ลำดับที่ ประเภท เลขเรียก/บาร์โค้ด สถานที่ สถานะ
- ไม่พบข้อมูล -

รายการใกล้เคียง
    ผู้แต่ง [เบลล์ซาซ่า]

BibComment


ยังไม่เคยถูกคอมเมนท์

คอมเมนท์ทรัพยากรรายการนี้
  คอมเมนท์: เสน่ห์ร้อนลิขิตรั..


 Copyright 2026. Bcnsprnw @Library